manlîch sprach daz wîp: die Einsamkeit in Wolframs Willehalm
| Main Author: | |
|---|---|
| Format: | Print Article |
| Language: | German |
| Check availability: | HBZ Gateway |
| Interlibrary Loan: | Interlibrary Loan for the Fachinformationsdienste (Specialized Information Services in Germany) |
| Published: |
1999
|
| In: |
Homo medietas
Year: 1999, Pages: 507-520 |
| Standardized Subjects / Keyword chains: | B
Wolfram, von Eschenbach 1170-1220, Willehalm
/ Discipleship of Christ (motif) (Motif)
/ Faithfulness
/ Woman
/ Courtly literature
B Wolfram, von Eschenbach 1170-1220, Willehalm / Gyburg |
| IxTheo Classification: | CB Christian life; spirituality CD Christianity and Culture NCF Sexual ethics |
| Further subjects: | B
Literature
|
MARC
| LEADER | 00000caa a2200000 c 4500 | ||
|---|---|---|---|
| 001 | 1535487348 | ||
| 003 | DE-627 | ||
| 005 | 20241107120813.0 | ||
| 007 | tu | ||
| 008 | 160405s1999 xx ||||| 00| ||ger c | ||
| 020 | |a 3906760812 | ||
| 035 | |a (DE-627)1535487348 | ||
| 035 | |a (DE-576)465487343 | ||
| 035 | |a (DE-599)BSZ465487343 | ||
| 040 | |a DE-627 |b ger |c DE-627 |e rakwb | ||
| 041 | |a ger | ||
| 084 | |a 1 |a 0 |2 ssgn | ||
| 084 | |a 1 |2 ssgn | ||
| 100 | 1 | |0 (DE-588)112678572 |0 (DE-627)510833497 |0 (DE-576)168942976 |4 aut |a Schnyder, Mireille |d 1963- | |
| 109 | |a Schnyder, Mireille 1963- | ||
| 245 | 1 | 0 | |a manlîch sprach daz wîp |b die Einsamkeit in Wolframs Willehalm |c Mireille Schnyder |
| 264 | 1 | |c 1999 | |
| 336 | |a Text |b txt |2 rdacontent | ||
| 337 | |a ohne Hilfsmittel zu benutzen |b n |2 rdamedia | ||
| 338 | |a Band |b nc |2 rdacarrier | ||
| 650 | 0 | 7 | |0 (DE-588)4035964-5 |0 (DE-627)106245015 |0 (DE-576)209015608 |a Literatur |2 gnd |
| 652 | |a CB:CD:NCF | ||
| 689 | 0 | 0 | |d u |0 (DE-588)4117689-3 |0 (DE-627)105797324 |0 (DE-576)209512040 |a Wolfram |2 gnd |c von Eschenbach |d 1170-1220 |t Willehalm |
| 689 | 0 | 1 | |d s |0 (DE-588)1347515755 |0 (DE-627)1907908927 |2 gnd |a Nachfolge Christi |g Motiv |
| 689 | 0 | 2 | |d s |0 (DE-588)4126283-9 |0 (DE-627)104653523 |0 (DE-576)209583789 |2 gnd |a Treue |
| 689 | 0 | 3 | |d s |0 (DE-588)4018202-2 |0 (DE-627)104270705 |0 (DE-576)208923209 |2 gnd |a Frau |
| 689 | 0 | 4 | |d s |0 (DE-588)4025340-5 |0 (DE-627)106293966 |0 (DE-576)208960252 |2 gnd |a Höfische Literatur |
| 689 | 0 | |5 (DE-627) | |
| 689 | 1 | 0 | |d u |0 (DE-588)4117689-3 |0 (DE-627)105797324 |0 (DE-576)209512040 |a Wolfram |2 gnd |c von Eschenbach |d 1170-1220 |t Willehalm |
| 689 | 1 | 1 | |d p |0 (DE-588)118543954 |0 (DE-627)694784451 |0 (DE-576)208944974 |2 gnd |a Gyburg |
| 689 | 1 | |5 (DE-627) | |
| 773 | 0 | 8 | |i In |t Homo medietas |d Bern : Lang, 1999 |g (1999), Seite 507-520 |h 703 S |w (DE-627)254240143 |w (DE-576)068877498 |z 3906760812 |7 nnam |
| 773 | 1 | 8 | |g year:1999 |g pages:507-520 |
| 889 | |w (DE-576)519177118 | ||
| 889 | |w (DE-627)794215106 | ||
| 889 | |w (DE-627)1589177118 | ||
| 935 | |a mteo | ||
| 935 | |i mdedup | ||
| 951 | |a AR | ||
| ELC | |b 1 | ||
| ITA | |a 1 |t 1 | ||
| LOK | |0 000 xxxxxcx a22 zn 4500 | ||
| LOK | |0 001 2914773587 | ||
| LOK | |0 003 DE-627 | ||
| LOK | |0 004 1535487348 | ||
| LOK | |0 005 20160405131024 | ||
| LOK | |0 008 160404||||||||||||||||ger||||||| | ||
| LOK | |0 040 |a DE-Tue135 |c DE-627 |d DE-Tue135 | ||
| LOK | |0 092 |o n | ||
| LOK | |0 852 |a DE-Tue135 | ||
| LOK | |0 852 1 |9 00 | ||
| LOK | |0 935 |a ixfe |a ixmi | ||
| LOK | |0 936ln |0 1442043768 |a CB | ||
| LOK | |0 936ln |0 1442043857 |a CD | ||
| LOK | |0 936ln |0 1442052961 |a NCF | ||
| LOK | |0 939 |a 04-04-16 |b l01 | ||
| LOK | |0 000 xxxxxcx a22 zn 4500 | ||
| LOK | |0 001 3058932928 | ||
| LOK | |0 003 DE-627 | ||
| LOK | |0 004 1535487348 | ||
| LOK | |0 005 20240819204224 | ||
| LOK | |0 008 190311||||||||||||||||ger||||||| | ||
| LOK | |0 035 |a (DE-Tue135-1)109381 | ||
| LOK | |0 040 |a DE-Tue135-1 |c DE-627 |d DE-Tue135-1 | ||
| LOK | |0 852 |a DE-Tue135-1 | ||
| LOK | |0 852 1 |c FTHDO042328/SRMI |m p |9 00 | ||
| LOK | |0 852 2 |b G3 |9 00 | ||
| LOK | |0 935 |a iFSA | ||
| LOK | |0 938 |k p | ||
| LOK | |0 939 |a 11-03-19 |b l12 | ||
| ORI | |a SA-MARC-ixtheoa001.raw | ||
| REF | |a Literaturmotiv,Weibliche literarische Gestalt | ||
| REL | |a 1 | ||
| STA | 0 | 0 | |a Courtly literature,Courtly poetry,Chivalrous literature,Faithfulness,Faithfulness,Loyalty,Fidelity,Devotion,Literature,Literature,Belles-lettres,Woman,Adult woman,Women,Women,Women in art |
| STB | 0 | 0 | |a Femme,Femme,Femmes,Femmes,Fidélité,Fidélité,Littérature courtoise,Littérature,Littérature |
| STC | 0 | 0 | |a Fidelidad,Fidelidad,Literatura de corte,Literatura,Literatura,Mujer,Mujer,Mujeres |
| STD | 0 | 0 | |a Donna,Donna,Fedeltà,Fedeltà,Letteratura cortese,Letteratura,Letteratura |
| STE | 0 | 0 | |a 女人,女人,女残疾人土,妇女,女子,妇女,女子,宫庭文学,忠实,忠实,忠诚,忠诚,文学 |
| STF | 0 | 0 | |a 女人,女人,女殘疾人土,婦女,女子,婦女,女子,宮庭文學,忠實,忠實,忠誠,忠誠,文學 |
| STG | 0 | 0 | |a Fidelidade,Fidelidade,Literatura de corte,Literatura,Literatura,Mulher,Mulher |
| STH | 0 | 0 | |a Верность (мотив),Верность,Женщина (мотив),Женщина,Литература (мотив),Литература,Придворная литература |
| STI | 0 | 0 | |a Γυναίκα (μοτίβο),Γυναίκα,Λογοτεχνία (μοτιβο),Λογοτεχνία,Λογοτεχνία της Αυλής,Πϊστη <μοτίβο>,Πϊστη,Αφοσίωση,Αφοσίωση (μοτίβο) |
| SUB | |a REL | ||
| SYE | 0 | 0 | |a Belletristik,Dichtung,Literarisches Kunstwerk,Schöne Literatur,Sprachkunst,Sprachliches Kunstwerk,Wortkunst,Belletristik,Dichtung,Schöne Literatur,Sprachkunst,Wortkunst |
| SYG | 0 | 0 | |a Wolfram,von Eschenbach,1170-1220,Willehalm von Orange , Imitatio Christi,Nachahmung Christi,Nachfolge Jesu,Nachfolge Jesu Christi,Imitatio Jesu,Imitatio Jesu Christi , Anhänglichkeit,Zuverlässigkeit , Frauen,Frauendarstellung,Frauengestalt,Frauenbild,Erwachsene Frau,Weib,Weibliche Erwachsene,Frauen , Höfische Dichtung,Ritterdichtung , Wolfram,von Eschenbach,1170-1220,Willehalm von Orange |